000
00329nam a2200133Ia 4500
008
240624s9999 xx 000 0 und d
041
_a
eng
082
_a
338.9 COO
100
_a
COOKE PHILIP
245
_a
COMPLEX ADAPTIVE INNOVATION SYSTEMS RELA
260
_c
2012
_a
London
_b
Routledge
300
_a
272 : p.
365
_c
GBP
_b
28
999
_c
21747
_d
21747